ARRUPE JESUIT UNIVERSITY

CORONAVIRUS -STOP THE SPREAD - CLEAN,DISINFECT,COVER

Divide and quit (Record no. 118990)

MARC details
000 -LEADER
fixed length control field 00571nam a22001577a 4500
008 - FIXED-LENGTH DATA ELEMENTS--GENERAL INFORMATION
fixed length control field 131203b xxu||||| |||| 00| 0 eng d
020 ## - INTERNATIONAL STANDARD BOOK NUMBER
International Standard Book Number 0195644220
050 ## - LIBRARY OF CONGRESS CALL NUMBER
Classification number DS485.B12M6 1998
100 ## - MAIN ENTRY--PERSONAL NAME
Personal name Moon, Penderel
9 (RLIN) 4838
245 ## - TITLE STATEMENT
Title Divide and quit
Remainder of title An eyewitness account of the partition of India
260 ## - PUBLICATION, DISTRIBUTION, ETC. (IMPRINT)
Place of publication, distribution, etc Delhi
Name of publisher, distributor, etc Oxford University Press
Date of publication, distribution, etc 1998
300 ## - PHYSICAL DESCRIPTION
Extent xxiii; 324p.
Dimensions 22cm
440 ## - SERIES STATEMENT/ADDED ENTRY--TITLE
Title Oxford India paperbacks
9 (RLIN) 4839
650 ## - SUBJECT ADDED ENTRY--TOPICAL TERM
Topical term or geographic name as entry element Refugees - India; India - Politics - 1919-1947; Bahawalpur (Princely state) - Social conditions
9 (RLIN) 4840
942 ## - ADDED ENTRY ELEMENTS (KOHA)
Source of classification or shelving scheme Library of Congress Classification
Item type Monograph ( Printed materials)

No items available.

 

Arrupe Library. PO Box MP320 Mt Pleasant, Harare, Zimbabwe
263 242 745411|librarian@aju.ac.zw